To study use of digital strain indicator SMD 20A, using strain gages and compiling results theoretically/practically using computer (Record no. 551221)

000 -LEADER
fixed length control field 00459nam a22001337a 4500
082 ## - DEWEY DECIMAL CLASSIFICATION NUMBER
Classification number P-196
Author Mark P-196
100 ## - MAIN ENTRY--PERSONAL NAME
Personal name Asim Khawas Khan, Syndicate No 7
9 (RLIN) 48215
245 ## - TITLE STATEMENT
Title To study use of digital strain indicator SMD 20A, using strain gages and compiling results theoretically/practically using computer
Statement of responsibility, etc. Asim Khawas Khan, Javed Iqbal
300 ## - PHYSICAL DESCRIPTION
Extent 126 P, :
526 ## - STUDY PROGRAM INFORMATION NOTE
Program name 0
Interest level 0
Reading level 0
Title point value P_196_P196
650 ## - SUBJECT ADDED ENTRY--TOPICAL TERM
Topical term or geographic name entry element Project
700 ## - ADDED ENTRY--PERSONAL NAME
Personal name Tariq
9 (RLIN) 48115
942 ## - ADDED ENTRY ELEMENTS (KOHA)
Source of classification or shelving scheme
Koha item type Book
Holdings
Withdrawn status Lost status Source of classification or shelving scheme Damaged status Not for loan Permanent Location Current Location Date acquired Total Checkouts Full call number Barcode Date last seen Date last checked out Price effective from Koha item type Public note
          Military College of Engineering (MCE) Military College of Engineering (MCE) 12/04/2014 1 P-196 P-196 MCE-P-196 03/26/2015 03/26/2015 12/04/2014 Book Project
© 2023 Central Library, National University of Sciences and Technology. All Rights Reserved.